Statistics for Asian Airports Map Quiz with exception

Click here to take the quiz!

General Stats

  • This quiz has been taken 38 times
  • The average score is 15 of 20

Answers on the Map

Answers color-coded by a green-red scale on the quiz's map according to % correct below.
 

Answer Stats

Answer% Correct
Dubai
94%
Incheon
94%
Hong Kong
91%
Kuala Lumpur
88%
Changi
85%
Indira Gandhi
85%
Taoyuan
82%
Hamad
79%
Narita
79%
Kansai
76%
King Abdulaziz
74%
Sabiha Gökçen
74%
Ninoy Aquino
71%
Suvarnabhumi
71%
Tân Sơn Nhất
71%
Chhatrapati Shivaji Maharaj
68%
Soekarno–Hatta
62%
Kempegowda
59%
Haneda
53%
Don Mueang
38%

Score Distribution

Percentile by Number Answered

Percent of People with Each Score

Your Score History

You have not taken this quiz